| 000 | 00532nam a2200217Ia 4500 | ||
|---|---|---|---|
| 008 | 160803s9999 xx 000 0 und d | ||
| 020 | _a9780064400855 | ||
| 100 | _aYep, Laurence | ||
| 245 | _aDragonwings / | ||
| 245 | _cby Laurence Yep. | ||
| 260 | _aNew York : | ||
| 260 | _bScholastic Inc. | ||
| 260 | _c1990 | ||
| 300 | _a248 pages ; | ||
| 300 | _c20 cm. | ||
| 440 | _aGolden mountain chronicles ; | ||
| 440 | _vbk. 5. | ||
| 500 | _a"A Newbery Honor book"--Cover. | ||
| 650 | _aNewbery Honor. | ||
| 700 | _a870 | ||
| 999 |
_c298529 _d298529 |
||